Hispania christiana: estudios en honor del prof. Dr. José Orlandis Rovira en su septuagesimo aniversario
Uloženo v:
| Médium: | Kniha |
|---|---|
| Jazyk: | španělština |
| Vydáno: |
Pamplona
Universidad de Navarra
1988
|
| Témata: | |
| Tagy: |
Přidat tag
Žádné tagy, Buďte první, kdo vytvoří štítek k tomuto záznamu!
|
MARC
| LEADER | 00000nam a2200000 a 4500 | ||
|---|---|---|---|
| 001 | UCX8761 | ||
| 003 | CL-VaPUC | ||
| 005 | 20221102111443.0 | ||
| 008 | 940426e19880000SP |||||||||||||||||spa|d | ||
| 999 | |c 228170 |d 228168 | ||
| 040 | |c Pontificia Universidad Católica de Valparaíso | ||
| 082 | 0 | 4 | |a 274.6 |b HIS |2 21 |
| 245 | 1 | 0 | |a Hispania christiana: estudios en honor del prof. Dr. José Orlandis Rovira en su septuagesimo aniversario |
| 260 | |a Pamplona |b Universidad de Navarra |c 1988 | ||
| 300 | |a 783 p | ||
| 583 | |a last modification |c 19940426 00:00:00 |k Rodrigo Vera | ||
| 600 | |a Orlandis, José, |d 1918-2010 |9 878118 | ||
| 650 | 7 | |a IGLESIA HISTORIA |2 CL-VaPUC |9 258372 | |
| 650 | 7 | |a HISTORIA ECLESIASTICA |2 CL-VaPUC |9 325960 | |
| 651 | 0 | |a España |9 254926 | |
| 942 | |c BK |2 ddc | ||
| 945 | |d 19940426 00:00:00 |a aalvarez | ||
| 952 | |0 0 |1 0 |4 0 |6 274_600000000000000_HIS_1988 |7 0 |8 DER_HIS |9 227914 |a BIBDER |b BIBDER |d 2019-11-15 |i 2970066 |o 274.6 HIS 1988 |p 2970066 |r 2023-01-25 |w 2019-11-15 |x Ubicación 4to Piso |y BK |z Estos recursos deben solicitarse con anticipación |k DER | ||